00691nab a2200205 uc450000100070000000500170000700800410002403500110006503500210007604000130009704100080011010000330011824500540015165000280020565000280023365000240026165000230028570000300030877301470033838580520240201130746.0990427e19990201 spa  a385805 a(OCoLC)819778511 ccomduadb aspa10aObrochta, David A.4auteaut10aIngenieria genetica contra las plagas de insectos aIngeniería genética 7aControl de plagas2lemb aControl de insectos aTerapia genética10aAtkinson, Peter4auteaut0 tInvestigación y Ciencia. Edición Española de Scientific American (Barcelona)gNúmero 269, Febrero 1999, p. 64-69w5406z0210136X03445